Técnicas de litigación oral /

Detalles Bibliográficos
Autor principal: Mauet, Thomas A. (Autor)
Otros Autores: Reyna Alfaro, Luis Miguel (Traductor)
Formato: Electrónico eBook
Lenguaje:español
inglés
Publicado: Santiago, Chile : Ediciones Olejnik, [2023]
Colección:Biblioteca de derecho procesal (Ediciones Olejnik)
Materias:
Acceso en línea:Digitalia Hispánica

MARC

LEADER 00000nam a2200000Ii 4500
001 DIGOLEJNK1316
003 NyNyDIG
006 m o d
007 cr |||||||||||
008 251203s2023 cl ob 000 0 spa d
035 |a (OCoLC)1434141434 
040 |a DGITA  |b eng  |e rda  |e pn  |c DGITA 
041 1 |a spa  |h eng 
020 |z 9789564074238 
043 |a n-us---  |a s-pe--- 
050 1 4 |a KF8841 ebook 
100 1 |a Mauet, Thomas A.,  |e author. 
245 1 0 |a Técnicas de litigación oral /  |c Thomas A. Mauet ; supervisión de la traducción, anotaciones y estudio final a cargo de Luis Miguel Reyna Alfaro. 
264 1 |a Santiago, Chile :  |b Ediciones Olejnik,  |c [2023] 
300 |a 1 online resource. 
336 |a text  |b txt  |2 rdacontent 
337 |a computer  |b c  |2 rdamedia 
338 |a online resource  |b cr  |2 rdacarrier 
347 |a text file  |2 rdaft 
347 |b PDF 
490 1 |a Biblioteca de derecho procesal 
504 |a Includes bibliographical references. 
588 0 |a Online resource; title from PDF title page (Digitalia, viewed December 3, 2025) 
650 0 |a Civil procedure  |z United States. 
650 0 |a Civil procedure  |z Peru. 
650 0 |a Evidence (Law) 
700 1 |a Reyna Alfaro, Luis Miguel,  |e translator. 
791 2 |a Digitalia (Firm),  |e distributor. 
793 0 |g Digitalia eBook Collection:  |a Ediciones Olejnik 
776 0 8 |i Print version:  |a Mauet, Thomas A.  |t Técnicas de litigación oral.  |d Santiago, Chile : Ediciones Olejnik, 2023  |z 9789564074238 
830 0 |a Biblioteca de derecho procesal (Ediciones Olejnik) 
856 4 0 |3 Digitalia Hispánica  |u https://www.digitaliapublishing.com/a/157825/ 
910 |a Premium collection: 2025